| 000 | 00462nam a2200169 a 4500 | ||
|---|---|---|---|
| 001 | 968 | ||
| 003 | CDMR | ||
| 005 | 20131003132841.0 | ||
| 008 | 130130s1969||||||||||||||||||||||||||||d | ||
| 040 |
_aCDMR _bcat _cCDMR |
||
| 100 | 1 |
_aRobles Piquer, Carlos _9753 |
|
| 245 | 1 | 3 |
_aEl impacto audiovisual _cCarlos Robles Piquer |
| 260 |
_aMadrid _c1969 _bServicio Informativo EspaƱol |
||
| 300 |
_a32, 11 lam ; _c21 cm |
||
| 490 | 0 |
_aDocumentos Sociales _v4 |
|
| 942 |
_cMON _2udc |
||
| 999 |
_c968 _d968 |
||